Elementary surveying : (Record no. 10295)
[ view plain ]
| 000 -LEADER | |
|---|---|
| fixed length control field | 01420nac a22003851i 4500 |
| 003 - CONTROL NUMBER IDENTIFIER | |
| control field | EG-ScBUE |
| 005 - DATE AND TIME OF LATEST TRANSACTION | |
| control field | 20241222102342.0 |
| 006 - FIXED-LENGTH DATA ELEMENTS--ADDITIONAL MATERIAL CHARACTERISTICS--GENERAL INFORMATION | |
| fixed length control field | m||||fq||h 00| 0 |
| 008 - FIXED-LENGTH DATA ELEMENTS--GENERAL INFORMATION | |
| fixed length control field | 081116t2008 njua f b 001 0 eng d |
| 020 ## - INTERNATIONAL STANDARD BOOK NUMBER | |
| International Standard Book Number | 0132083078 |
| 020 ## - INTERNATIONAL STANDARD BOOK NUMBER | |
| International Standard Book Number | 9780132083072 |
| 020 ## - INTERNATIONAL STANDARD BOOK NUMBER | |
| International Standard Book Number | 9780136033011 (CD- Rom) |
| 020 ## - INTERNATIONAL STANDARD BOOK NUMBER | |
| International Standard Book Number | 0136033016 (CD- Rom) |
| 040 ## - CATALOGING SOURCE | |
| Original cataloging agency | EG-ScBUE |
| Language of cataloging | eng |
| Description conventions | rda |
| Transcribing agency | EG-ScBUE |
| Modifying agency | EG-ScBUE |
| 082 04 - DEWEY DECIMAL CLASSIFICATION NUMBER | |
| Classification number | 526.9 |
| Item number | GHI |
| Edition number | 22 |
| 100 1# - MAIN ENTRY--PERSONAL NAME | |
| Personal name | Ghilani, Charles D., |
| Relator term | author. |
| 9 (RLIN) | 1187 |
| 245 10 - TITLE STATEMENT | |
| Title | Elementary surveying : |
| Remainder of title | an introduction to geomatics / |
| Statement of responsibility, etc | Charles D. Ghilani, The Pennsylvania State University, Paul R. Wolf, professor emeritus, civil and encironmental engineering, University of Wisconsin-Madison. |
| 250 ## - EDITION STATEMENT | |
| Edition statement | Twelfth edition. |
| 250 ## - EDITION STATEMENT | |
| Edition statement | Pearson International Edition. |
| 264 #1 - PUBLICATION, DISTRIBUTION, ETC. (IMPRINT) | |
| Place of publication, distribution, etc | Upper Saddle River, NJ : |
| Name of publisher, distributor, etc | Prentice Hall, |
| Date of publication, distribution, etc | [2008] |
| 264 #4 - PUBLICATION, DISTRIBUTION, ETC. (IMPRINT) | |
| Date of publication, distribution, etc | c2008 |
| 300 ## - PHYSICAL DESCRIPTION | |
| Extent | xxiv, 931 pages : |
| Other physical details | illustrations (some color) ; |
| Dimensions | 25 cm + |
| Accompanying material | 1 CD |
| 336 ## - CONTENT TYPE | |
| Source | rdacontent |
| Content type term | text |
| Content type code | txt |
| 336 ## - CONTENT TYPE | |
| Source | rdacontent |
| Content type term | sounds |
| Content type code | snd |
| 337 ## - MEDIA TYPE | |
| Media type term | unmediated |
| Source | rdamedia |
| Media type code | n |
| 337 ## - MEDIA TYPE | |
| Media type term | audio |
| Source | rdamedia |
| Media type code | s |
| 338 ## - CARRIER TYPE | |
| Carrier type term | volume |
| Carrier type code | nc |
| Source | rdacarrier |
| 338 ## - CARRIER TYPE | |
| Carrier type term | computer disc |
| Carrier type code | cd |
| Source | rdacarrier |
| 504 ## - BIBLIOGRAPHY, ETC. NOTE | |
| Bibliography, etc | Includes bibliographical references and index. |
| 650 #7 - SUBJECT ADDED ENTRY--TOPICAL TERM | |
| Topical term or geographic name as entry element | Surveying. |
| Source of heading or term | BUEsh |
| 9 (RLIN) | 1035 |
| 650 #7 - SUBJECT ADDED ENTRY--TOPICAL TERM | |
| Topical term or geographic name as entry element | Geomatics. |
| Source of heading or term | BUEsh |
| 9 (RLIN) | 1189 |
| 655 ## - INDEX TERM--GENRE/FORM | |
| Form subdivision | Reading book |
| 700 1# - ADDED ENTRY--PERSONAL NAME | |
| Personal name | Wolf , Paul R., |
| Relator term | author. |
| 9 (RLIN) | 1188 |
| 942 ## - ADDED ENTRY ELEMENTS (KOHA) | |
| Koha item type | Book - Borrowing |
| Source of classification or shelving scheme | Dewey Decimal Classification |
| Withdrawn status | Lost status | Source of classification or shelving scheme | Damaged status | Not for loan | Collection code | Home library | Current library | Shelving location | Date acquired | Source of acquisition | Total Checkouts | Total Renewals | Full call number | Barcode | Date last seen | Date checked out | Price effective from | Koha item type | Materials specified (bound volume or other part) |
|---|---|---|---|---|---|---|---|---|---|---|---|---|---|---|---|---|---|---|---|
| Dewey Decimal Classification | Baccah | Central Library | Central Library | First floor | 16/11/2008 | Purchase | 4 | 9 | 526.9 GHI | 000014216 | 15/07/2025 | 11/11/2014 | 16/11/2008 | Book - Borrowing | |||||
| Dewey Decimal Classification | Baccah | Central Library | Central Library | First floor | 16/11/2008 | Purchase | 2 | 1 | 526.9 GHI | 000014217 | 15/07/2025 | 03/05/2012 | 16/11/2008 | Book - Borrowing | |||||
| Dewey Decimal Classification | Baccah | Central Library | Central Library | First floor | 16/11/2008 | Purchase | 1 | 4 | 526.9 GHI | 000014218 | 15/07/2025 | 14/11/2017 | 16/11/2008 | Book - Borrowing | |||||
| Dewey Decimal Classification | Baccah | Central Library | Central Library | First floor | 16/11/2008 | Purchase | 526.9 GHI | 000014219 | 11/06/2024 | 16/11/2008 | Book - Borrowing | ||||||||
| Dewey Decimal Classification | Baccah | Central Library | Central Library | First floor | 16/11/2008 | Purchase | 526.9 GHI | 000014220 | 15/07/2025 | 16/11/2008 | NB - Book (Non borrowing) | ||||||||
| Dewey Decimal Classification | Baccah | Central Library | Central Library | First floor | 16/11/2008 | Purchase | 526.9 GHI | 000014221 | 24/08/2022 | 16/11/2008 | CD | DVD - With book (NB) | ||||||||
| Dewey Decimal Classification | Baccah | Central Library | Central Library | First floor | 16/11/2008 | Purchase | 526.9 GHI | 000014222 | 24/08/2022 | 16/11/2008 | CD | DVD - With book | ||||||||
| Dewey Decimal Classification | Baccah | Central Library | Central Library | First floor | 16/11/2008 | Purchase | 526.9 GHI | 000014223 | 24/08/2022 | 16/11/2008 | CD | DVD - With book | ||||||||
| Dewey Decimal Classification | Baccah | Central Library | Central Library | First floor | 16/11/2008 | Purchase | 526.9 GHI | 000014224 | 24/08/2022 | 16/11/2008 | CD | DVD - With book | ||||||||
| Dewey Decimal Classification | Baccah | Central Library | Central Library | First floor | 16/11/2008 | Purchase | 526.9 GHI | 000014225 | 24/08/2022 | 16/11/2008 | CD | DVD - With book | ||||||||
| Dewey Decimal Classification | Baccah | Central Library | Central Library | First floor | 16/11/2008 | Purchase | 526.9 GHI | 000014226 | 11/06/2024 | 16/11/2008 | NB - Book (Non borrowing) | ||||||||
| Dewey Decimal Classification | Baccah | Central Library | Central Library | First floor | 16/11/2008 | Purchase | 526.9 GHI | 000014227 | 24/08/2022 | 16/11/2008 | CD | DVD - With book | ||||||||
| Dewey Decimal Classification | Baccah | Central Library | Central Library | First floor | 22/10/2009 | Purchase | 526.9 GHI | 000018518 | 15/07/2025 | 22/10/2009 | Book - Borrowing | ||||||||
| Dewey Decimal Classification | Baccah | Central Library | Central Library | First floor | 26/10/2009 | Purchase | 1 | 4 | 526.9 GHI | 000018524 | 15/07/2025 | 01/03/2010 | 26/10/2009 | Book - Borrowing | |||||
| Dewey Decimal Classification | Baccah | Central Library | Central Library | First floor | 26/10/2009 | Purchase | 526.9 GHI | 000018525 | 24/08/2022 | 26/10/2009 | CD | DVD - With book | ||||||||
| Dewey Decimal Classification | Baccah | Central Library | Central Library | First floor | 26/10/2009 | Purchase | 2 | 1 | 526.9 GHI | 000018526 | 11/06/2024 | 26/09/2010 | 26/10/2009 | Book - Borrowing | |||||
| Dewey Decimal Classification | Baccah | Central Library | Central Library | First floor | 26/10/2009 | Purchase | 526.9 GHI | 000018527 | 24/08/2022 | 26/10/2009 | CD | DVD - With book | ||||||||
| Dewey Decimal Classification | Baccah | Central Library | Central Library | First floor | 26/10/2009 | Purchase | 2 | 2 | 526.9 GHI | 000018528 | 15/07/2025 | 16/03/2014 | 26/10/2009 | Book - Borrowing | |||||
| Dewey Decimal Classification | Baccah | Central Library | Central Library | First floor | 26/10/2009 | 526.9 GHI | 000018529 | 24/08/2022 | 26/10/2009 | CD | DVD - With book | Lost In Inventory_2015-8-23 | ||||||||
| Dewey Decimal Classification | Baccah | Central Library | Central Library | First floor | 04/11/2009 | Purchase | 2 | 3 | 526.9 GHI | 000018835 | 24/08/2022 | 18/07/2010 | 04/11/2009 | CD | DVD - With book | |||||
| Dewey Decimal Classification | Baccah | Central Library | Central Library | First floor | 11/05/2011 | Purchase | 1 | 21 | 526.9 GHI | 000023535 | 15/07/2025 | 16/03/2014 | 11/05/2011 | Book - Borrowing | |||||
| Dewey Decimal Classification | Baccah | Central Library | Central Library | First floor | 18/07/2011 | Purchase | 526.9 GHI | 000023942 | 24/08/2022 | 18/07/2011 | CD | DVD - With book |